Tabla rasa-retratos

保存先:
書誌詳細
第一著者: Poirot de la Torre, Luis (autor)
フォーマット: 図書
言語:スペイン語
出版事項: Santiago RE Produciones Ltda 2006
版:1a. ed
主題:
タグ: タグ追加
タグなし, このレコードへの初めてのタグを付けませんか!

MARC

LEADER 00000nam a2200000 a 4500
001 UCI2558
003 CL-VaPUC
008 070831e20060000CL |||||||||||||||||spa|d
020 |a 9563080262 
082 0 4 |a 770.23  |b POI  |2 21 
100 |a Poirot de la Torre, Luis  |e autor  |9 523566 
245 1 0 |a Tabla rasa-retratos 
250 |a 1a. ed 
300 |a 83 p 
942 |c BK 
945 |d 20070831 00:00:00  |a rbrito 
260 |a Santiago  |b RE Produciones Ltda  |c 2006 
650 0 |a Fotografía  |9 268495 
650 0 |a Material visual  |9 327831 
650 0 |a Archivos fotográficos  |9 523567 
650 0 |a Medios de comunicación  |9 257206 
650 0 |a Fotógrafos  |9 327623 
650 0 |a Arte   |x Reproducción   |9 335508 
583 |a last modification  |c 20120724 10:11:22  |k Rodrigo Vera 
999 |c 327057  |d 327055 
952 |0 0  |1 0  |4 0  |6 770_230000000000000_POI_2006  |7 0  |8 A  |9 409464  |a BIBARQ  |b BIBARQ  |d 2019-11-22  |i 4367677  |o 770.23 POI 2006  |p 4367677  |r 2025-01-20  |w 2019-11-22  |y BK  |k ARQ